zpět

Detail výsledku týmu

Lokál Kaspec, Uničov

Datum a čas kvízu

37 Celkem bodů Celkový počet nahraných bodů na tomto kvízu bez doplňovacích otázek.
4. Pořadí na kvízu Konečné umístění týmu na tomto kvízu.

Zaznamenané odpovědi

# Otázka Odpověď Body Výsledky
1. Příslušníci jisté profese se v... popeláři 1
2. Která velká evropská země schv... Francie 1
3. TV Prima minulý týden představ... Asia Express 0
4. Tato 40letá žena se jmenuje Le... Zoo Praha 0
5. Hokejový útočník Ondřej Palát... New York Islanders 1
6. Na obrázku níže můžete vidět d... Drákula 0
7. Co by to bylo za hororové téma... C 0
8. Ze které (převážně videoherní)... Silent Hill 1
9. Michael Myers, zabiják ze séri... A 1
10. Čím je inspirován česko-americ... D 1